Ein herz in eisen; erzählungen. (Record no. 3031)
[ view plain ]
| 000 -LEADER | |
|---|---|
| fixed length control field | 00574cam a22002051 4500 |
| 001 - CONTROL NUMBER | |
| control field | af 47005275 |
| 003 - CONTROL NUMBER IDENTIFIER | |
| control field | DLC |
| 005 - DATE AND TIME OF LATEST TRANSACTION | |
| control field | 20260227110830.0 |
| 008 - FIXED-LENGTH DATA ELEMENTS--GENERAL INFORMATION | |
| fixed length control field | 860825s1943 gw 000 0 ger c |
| 010 ## - LIBRARY OF CONGRESS CONTROL NUMBER | |
| LC control number | af 47005275 |
| 035 ## - SYSTEM CONTROL NUMBER | |
| System control number | (OCoLC)14137936 |
| 040 ## - CATALOGING SOURCE | |
| Original cataloging agency | Yale Univ. Library |
| Transcribing agency | CU |
| Modifying agency | DLC |
| 042 ## - AUTHENTICATION CODE | |
| Authentication code | premarc |
| 050 00 - LIBRARY OF CONGRESS CALL NUMBER | |
| Classification number | PT2635.E454 |
| Item number | H4 |
| 100 1# - MAIN ENTRY--PERSONAL NAME | |
| Personal name | Reifenrath, Joachim Wolfgang, |
| Dates associated with a name | 1917- |
| 245 10 - TITLE STATEMENT | |
| Title | Ein herz in eisen; erzählungen. |
| 260 ## - PUBLICATION, DISTRIBUTION, ETC. | |
| Place of publication, distribution, etc. | Wolfenbüttel |
| -- | und Berlin, |
| Name of publisher, distributor, etc. | G. Kallmeyer, |
| Date of publication, distribution, etc. | 1943. |
| 300 ## - PHYSICAL DESCRIPTION | |
| Extent | 84 p., 1 l. |
| Dimensions | 22 cm. |
| 500 ## - GENERAL NOTE | |
| General note | "4.-13. tausend." |
No items available.